Injection moulding - the benefits are there (Record no. 61415)

MARC details
000 -LEADER
fixed length control field 00314nam a2200121Ia 4500
100 ## - MAIN ENTRY--AUTHOR NAME
Personal name Mc Lellan J
245 #0 - TITLE STATEMENT
Title Injection moulding - the benefits are there
260 ## - PUBLICATION, DISTRIBUTION, ETC. (IMPRINT)
Name of publisher Rubber Developments
Year of publication 1972
300 ## - PHYSICAL DESCRIPTION
Number of Pages 9-May
650 ## - SUBJECT ADDED ENTRY--TOPICAL TERM
Topical Term Injection moulding
942 ## - ADDED ENTRY ELEMENTS (KOHA)
Koha item type Journals
Holdings
Withdrawn status Lost status Damaged status Not for loan Home library Current library Shelving location Date acquired Serial Enumeration / chronology Koha item type
      Journals RRII Library RRII Library Rubber chemistry 17/12/2021 Volume 25, Issue 1 Journals